LDR 00730naa#a2200169#i#450# 001 RU\\bibl\119672 005 20260517035943.7 011 ## _a2712-7516 100 ## _a20260508b2026####ek#y0rusy0150####ca 102 ## _aRU 200 1# _aРоль esg-принципов в инновационном развитии объектов коммерческой недвижимости _eЖурнальная статья 210 1# _aМосква _cУниверситет ИТБО _d2026 215 ## _a0 с. 608 ## _aЖурнальная статья _2local 675 ## _aРынок земли, недвижимости (предложение, спрос). 332.72 _z 700 #1 _aБогатырев _gНиколай Сергеевич 856 4# _ajomeam.ru _u